Brasileirão 2026 - Statistics

Estatísticas Gerais
  • Esse quiz foi jogado 93 vezes
    84 desde o último reset
  • A pontuação média é 15 de 20
Estatísticas das Respostas
Hint Resposta % Correto
RJ Flamengo
95%
SP São Paulo
85%
MG Atlético Mineiro
83%
RJ Botafogo
83%
SP Corinthians
83%
RJ Vasco
83%
SP Palmeiras
80%
BA Bahia
78%
MG Cruzeiro
76%
RJ Fluminense
76%
RS Internacional
76%
RS Gremio
75%
SP Mirassol
73%
SP Santos
73%
PR Coritiba
69%
PA Remo
68%
BA Vitória
68%
PR Athletico Paranaense
63%
SP Bragantino
58%
SC Chapecoense
51%
Nenhum quiz correspondente encontrado
Distribuição das Pontuações
Porcentagem de Pessoas com Cada Pontuação
Percentil de Números Respondidos
Sua Pontuação Histórica
Você não jogou esse quiz desde o último reset